000 00576nam a2200181Ia 4500
005 20240913125752.0
008 240913s9999||||xx |||||||||||||| ||und||
020 _a978-89-89693-39-0
041 _aENGLISH
082 _A624.1 Q5
100 _aChang Koon Choi Ed.
245 0 _aAdvances in Structural Engineering and Mechanics (ASEM15)& Advances in Aeronautics, Nano, Bio Robotics, and Energy (ANBRE15)
250 _a1st
260 _c2015
_bThe Korean Federation of Science and Techn
500 _aREFERENCE
650 _aStructural Engineering
_bCivil
942 _cREF
999 _c246229
_d246229